New strategies needed to reflect changing town centre activities (Record no. 71217)

MARC details
000 -LEADER
fixed length control field 00882cam a2200229 4500
001 - CONTROL NUMBER
control field ABS65988
008 - FIXED-LENGTH DATA ELEMENTS--GENERAL INFORMATION
fixed length control field 020925n2002 000 0 eng u
035 ## - SYSTEM CONTROL NUMBER
System control number (Sirsi) u119835
100 ## - MAIN ENTRY--PERSONAL NAME
Personal name Bennison, D.J.
245 ## - TITLE STATEMENT
Title New strategies needed to reflect changing town centre activities
260 ## - PUBLICATION, DISTRIBUTION, ETC.
Date of publication, distribution, etc. 2002
490 ## - SERIES STATEMENT
Series statement Urban Environment Today
Volume/sequential designation (153) 8 August 2002, 6-7(2)
520 ## - SUMMARY, ETC.
Summary, etc. Argues that the evolution of town centres has declined in retail activity in the last 20 years, whilst leisure has become more prominent. Discusses extent of this trend in centres around Manchester, and how the small retail and service business enterprises can respond. Graph. Chart.
590 ## - LOCAL NOTE (RLIN)
Local note ABS
650 ## - SUBJECT ADDED ENTRY--TOPICAL TERM
Topical term or geographic name entry element LEISURE DEVELOPMENT
650 ## - SUBJECT ADDED ENTRY--TOPICAL TERM
Topical term or geographic name entry element RETAIL DEVELOPMENT
650 ## - SUBJECT ADDED ENTRY--TOPICAL TERM
Topical term or geographic name entry element TOWN CENTRES
650 ## - SUBJECT ADDED ENTRY--TOPICAL TERM
Topical term or geographic name entry element MANCHESTER
690 ## - LOCAL SUBJECT ADDED ENTRY--TOPICAL TERM (OCLC, RLIN)
Topical term or geographic name as entry element REGENERATION
700 ## - ADDED ENTRY--PERSONAL NAME
Personal name Jones, S
942 ## - ADDED ENTRY ELEMENTS (KOHA)
Suppress in OPAC 0
Holdings
Withdrawn status Lost status Source of classification or shelving scheme Damaged status Not for loan Home library Current library Shelving location Date acquired Total Checkouts Full call number Barcode Date last seen Copy number Price effective from Koha item type
    Dewey Decimal Classification     London London Journal article 25/09/2002   ABS65988 119835-1001 06/08/2019 1 06/08/2019 Journal article